| 000 | 00584nam a2200181 a 4500 | ||
|---|---|---|---|
| 001 | 000012169 | ||
| 005 | 20200929162727.0 | ||
| 008 | 091106s2000 dr c 001 0 spa d | ||
| 040 |
_aDO-SdBNP _bspa _cBNPHU |
||
| 082 |
_axxx _bD542t |
||
| 100 | 1 |
_aDíaz, Juan Alberto, _d1963- _916466 |
|
| 245 | 1 | 3 |
_aLa tragedia del barranco / _cJuan Alberto Díaz. |
| 260 |
_aSanto Domingo : _bMolinaga, _c2000. |
||
| 300 |
_a252 p. : _bil. ; _c21 cm. |
||
| 500 | _aIncluye datos biográficos del autor en la contracubierta | ||
| 504 | _aIncluye referencias bibliográficas [p. 253] | ||
| 049 | _aBNPD | ||
| 999 |
_c11834 _d11834 |
||